LEADER 01869nam 2200385 450 001 9910554014303321 005 20230418132057.0 010 $a1-66541-970-9 035 $a(CKB)4100000011981052 035 $a(NjHacI)994100000011981052 035 $a(EXLCZ)994100000011981052 100 $a20230418d2021 uy 0 101 0 $aeng 135 $aur||||||||||| 181 $ctxt$2rdacontent 182 $cc$2rdamedia 183 $acr$2rdacarrier 200 10$a2021 IEEE International Conference on Prognostics and Health Management (ICPHM) $e7-9 June 2021 /$fInstitute of Electrical and Electronics Engineers 210 1$aPiscataway, New Jersey :$cIEEE,$d[2021] 210 4$d©2021 215 $a1 online resource (320 pages) $cillustrations 311 $a1-66542-996-8 330 $aThe 2021 IEEE International PHM Conference will be held in Detroit, Michigan on June 7 9 2021 PHM is a wide ranging, interdisciplinary field, that requires an energized exchange of ideas This conference will match up world class expertise in the academic, engineering, and management disciplines to create synergistic exchanges of ideas and practices among academics and industry practitioners Special attention has been paid to assure a sociable, professional environment to encourage networking, forge new relationships, and deepen existing ones. 517 $a2021 IEEE International Conference on Prognostics and Health Management 606 $aAutomatic test equipment$vCongresses 606 $aReliability (Engineering)$vCongresses 615 0$aAutomatic test equipment 615 0$aReliability (Engineering) 676 $a620.0044 801 0$bNjHacI 801 1$bNjHacl 906 $aPROCEEDING 912 $a9910554014303321 996 $a2021 IEEE International Conference on Prognostics and Health Management (ICPHM)$92812105 997 $aUNINA LEADER 02364cam a22003377i 4500 001 991003034329707536 005 20250430130200.0 008 941111s1708 it aef b 000 0 ita d 035 $ab14271254-39ule_inst 035 $aCICOGNARA-1917$9ExL 040 $aBibl. Interfacoltà T. Pellegrino$bita 100 1 $aFontana, Carlo$d<1634-1714>$04148 245 10$aDiscorso sopra l'antico Monte Citatorio situato nel Campo Marzio, e d'altre cose erudite ad esso attinenti.$bEstratto da più gravi autori con l'istoria di ciò che è occorso nell'inalzamento del nuovo edificio della Curia Romana e di quanto è accaduto nel ritrovamento & alzamento della nuova Colonna Antonina.$cIl tutto descritto et ordinato dal cav. Carlo Fontana ... E dedicato alla Santità di N.S.PP. Clemente XI. 260 $aIn Roma :$bnella stamperia Gius. Nicolò de' Martiis,$c1708. 300 $a[6], 51, [3] p., [4] c. di tav. (ripieg.) :$bill., piante; $c2° (32 cm). 500 $aFrontoni, iniziali xilografici. 500 $aIncisioni calcografiche. 500 $aLegato con: Antio e sue antichità ... Roma, 1710 ; Discorso del cavalier Carlo Fontana ... sopra le cause dell'inondazione de Tevere ... Roma, 1696 ; Discorso di monsignor Gio Carlo Vespigiani sopra la facile riuscita di restaurare il Ponte Sanatorio ... Roma, 1710 ; Breve decrizzione di tre particolari statue scopertesi in Roma l'anno 1739, Roma, 1739$5BAV$3Cicognara.VI.3728(int.1) 500 $aRiproduzione in microfiche dell'originale conservato presso la Biblioteca Apostolica Vaticana 610 20$aPalazzo di Montecitorio (Roma) 650 4$aColonna di Marco Aurelio (Roma) 651 0$aCampo Marzio (rione : Roma) 700 1 $aSpecchi, Alessandro$d<1668-1729> 787 18$iLeopoldo Cicognara Program :$tBiblioteca Cicognara$h[microform] : literary sources in the history of art and kindred subjects 787 18$tCatalogo ragionato dei libri d'arte e d'antichità / Leopoldo Cicognara 907 $a.b14271254$b01-04-22$c28-07-16 912 $a991003034329707536 945 $aLE002 SB Raccolta Cicognara, mcrf 3728(1)$g0$lle002$pE0.00$rn$so $t11$u0$v0$w0$x0$y.i15742374$z28-07-16 996 $aDiscorso sopra l'antico Monte Citatorio situato nel Campo Marzio, e d'altre cose erudite ad esso attinenti$91389160 997 $aUNISALENTO 998 $ale002$b28-07-16$cm$dg $e-$fita$git $h0$i1